Catálogo de los bocetos que existen en el museo del Instituto de Jovellanos de Gijón / (Record no. 159407)

MARC details
000 -LEADER
campo de control de longitud fija 00707nam a22001695i 4500
001 - NÚMERO DE CONTROL
campo de control 159407
003 - IDENTIFICADOR DE NÚMERO DE CONTROL
campo de control ES-MaACL
005 - FECHA Y HORA DE LA ÚLTIMA TRANSACCIÓN
campo de control 20230906211602.0
008 - DATOS DE LONGITUD FIJA--INFORMACIÓN GENERAL
campo de control de longitud fija 990303s1886 sp |||| | spa d
040 ## - FUENTE DE CATALOGACIÓN
Centro catalogador/agencia de origen CCPB | B
Lengua de catalogación spa
Centro/agencia transcriptor CCPB | B
100 1# - ENTRADA PRINCIPAL--NOMBRE DE PERSONA
Nombre de persona Menéndez Acebal, Jesús.
9 (RLIN) 129836
245 10 - MENCIÓN DEL TÍTULO
Título Catálogo de los bocetos que existen en el museo del Instituto de Jovellanos de Gijón /
Mención de responsabilidad, etc. por Jesús Menéndez Acebal.
260 ## - PUBLICACIÓN, DISTRIBUCIÓN, ETC.
Lugar de publicación, distribución, etc. Gijón :
Nombre del editor, distribuidor, etc. [s.n.],
Fecha de publicación, distribución, etc. 1886 (
Fabricante Imp. y Lit. de Torre y Compañía)
300 ## - DESCRIPCIÓN FÍSICA
Extensión VII, 119 p. ;
Dimensiones 21 cm.
610 17 - PUNTO DE ACCESO ADICIONAL DE MATERIA--NOMBRE DE ENTIDAD CORPORATIVA
Nombre de entidad corporativa o nombre de jurisdicción como elemento de entrada Instituto de Jovellanos de Gijón.
Unidad subordinada Museo.
9 (RLIN) 134547
852 ## - LOCALIZACIÓN
Ubicación ES-MaACL
Número de control de estantería T-420-F-8
Nota libre -- Enc. hol.
condición física -- Falto de la cub. original
Nota libre -- Enc. en un vol. facticio"
Holdings
Estatus retirado Estado de pérdida Estado de daño No para préstamo Colección Biblioteca de origen Biblioteca actual Ubicación en estantería Fecha de adquisición Total de préstamos Signatura topográfica completa Código de barras Visto por última vez Precio de reemplazo Tipo de ítem Koha
        Colección de folletos Biblioteca del Ateneo de Madrid Biblioteca del Ateneo de Madrid Depósito folletos 17/01/2008   T-420-F-8 1166878 23/02/2023 23/02/2023 Folleto